Biggest City in Each Arkansas City on a Map - Statistics

General Stats
  • This quiz has been taken 20 times
  • The average score is 25 of 75
Answers on the Map
Answers color-coded by a green-red scale on the quiz's map according to % correct below.
 
Answer Stats
Answer % Correct
Conway
100%
Fayetteville
100%
Little Rock
91%
Benton
82%
Fort Smith
82%
Pine Bluff
82%
Texarkana
82%
Hot Springs
73%
Jonesboro
73%
Rogers
73%
Mountain Home
64%
West Memphis
64%
Blytheville
45%
Paragould
45%
Arkadelphia
36%
El Dorado
36%
Harrison
36%
Helena-West Helena
36%
Magnolia
36%
Malvern
36%
Ozark
36%
Russellville
36%
Searcy
36%
Stuttgart
36%
Van Buren
36%
Ashdown
27%
Batesville
27%
Cabot
27%
Camden
27%
Crossett
27%
De Queen
27%
Forrest City
27%
Hope
27%
Mena
27%
Monticello
27%
Mountain View
27%
Nashville
27%
Newport
27%
Pocahontas
27%
Sheridan
27%
Augusta
18%
Berryville
18%
Booneville
18%
Brinkley
18%
Cherokee Village
18%
Clarksville
18%
Clinton
18%
Dardanelle
18%
Des Arc
18%
Fordyce
18%
Hampton
18%
Heber Springs
18%
Huntsville
18%
Jasper
18%
Marianna
18%
Marshall
18%
Morrilton
18%
Mount Ida
18%
Perryville
18%
Piggott
18%
Prescott
18%
Rison
18%
Salem
18%
Stamps
18%
Star City
18%
Trumann
18%
Waldron
18%
Walnut Ridge
18%
Warren
18%
Wynne
18%
Bull Shoals
9%
Dermott
9%
Dumas
9%
Glenwood
9%
Horseshoe Bend
9%
No matching quizzes found
Score Distribution
Percent of People with Each Score
Percentile by Number Answered
Your Score History
You have not taken this quiz